Представление документа в формате MARC21

ПолеНазваниеЗначение
  Тип записи a
  Библиографический уровень m
001 Контрольный номер RU\infra-m\znanium\bibl\2226900
005 Дата корректировки 20260429142110.9
008 Кодируемые данные 250922s2025 RU g rus u
020 Индекс ISBN __
a ISBN 978-5-9729-2538-4
040 Источник каталогиз. __
a Служба первич. каталог. Общество с ограниченной ответственностью «ЗНАНИУМ»
041 Код языка издания __
a Код языка текста rus
044 Код страны публикации __
a Код страны публикации RU
080 Индекс УДК __
a Индекс УДК 519
084 Индекс другой классификации/Индекс ББК __
2 Источник индекса rubbk
a Индекс другой классификации/Индекс ББК 221
084 Индекс другой классификации/Индекс ББК __
2 Источник индекса okso
a Индекс другой классификации/Индекс ББК 15.03.02
100 Автор __
a Автор Филиппов Г.С.
q Полное имя Филиппов Глеб Сергеевич
u Дополнение Институт машиноведения им. А.А. Благонравова Российской академии наук
245 Заглавие __
a Заглавие Статистика для инженеров-экономистов
b Продолж. заглавия Учебное пособие
c Ответственность Институт машиноведения им. А.А. Благонравова Российской академии наук; Институт радиотехники и электроники им. В.А. Котельникова Российской академии наук
250 Сведения об издании __
a Основные сведения об издании 1
260 Выходные данные __
a Место издания Вологда
b Издательство Инфра-Инженерия
c Дата издания 2025
300 Физическое описание __
a Объем 220 с.
520 Аннотация __
a Аннотация Изложены основные разделы статистики в соответствии с дидактическими блоками Госстандарта по направлению 15.03.02 «Технологические машины и оборудование» профиль «Инженер-экономист». Для подготовки бакалавров которые владеют компетенциями в области техники и экономики.
521 Примеч. о цел. назн. __
a Примеч. о целев. назн. ВО - Бакалавриат
650 Тематические рубрики __
a Основная рубрика Демография. Статистика
x Основная подрубрика Экономическая статистика
655 Указ. предметных рубрик (устаревшее) __
a Жанр/ форма (устаревшее) Учебное пособие
700 Другие авторы __
a Другие авторы Попов А.М.
q Полное имя Попов Александр Михайлович
u Дополнение Институт радиотехники и электроники им. В.А. Котельникова Российской академии наук
856 Электронный адрес документа 4_
a Имя сервера/домена znanium.ru
m Помощь ebs_support@infra-m.ru
n Местонахождение сервера НИЦ ИНФРА-М
u URL https://znanium.ru/catalog/document?id=470212
856 Электронный адрес документа 48
a Имя сервера/домена znanium.ru
d Путь /cover/2226
f Электронное имя 2226900.jpg
q Тип электронного формата image/jpeg
u URL https://znanium.ru/cover/2226/2226900.jpg
911 __
u 0030=https://znanium.ru/catalog/document?id=470212
911 __
u 712a=Институт радиотехники и электроники им. В.А. Котельникова Российской академии наук